00331nam a2200121Ia 4500008004100000041000800041082001500049100002000064245004500084260003800129300003300167365000900200240624s9999 xx 000 0 und d aeng a332.67 ZIE aZIEMBA RACHEL E aSCENARIOS FOR RISK MANAGEMENT AND GLOBAL c2007aNew YorkbJohn WIley & Sons axviii, : 315 : p. : cm. ; 25 cb27